000 00571nam a2200181 a 4500
001 000044832
005 20201002045649.0
008 130826s2014 dr a 000 0 spa d
020 _a9789945166330
040 _aDO-SdBNP
_bspa
_cBNPHU
100 1 _aPaniagua, Edwin
_912152
245 1 0 _aOrtografía para estudiantes /
_cEdwin Paniagua.
250 _a2a. ed.
260 _aSanto Domingo :
_bBúho,
_c2014.
300 _a298 p. :
_bils., retrs. ;
_c24 cm.
504 _aBibliografía p: 297-298
500 _aIncluye datos biográficos del autor en la solapa de la cubierta
999 _c44321
_d44321